Star wars. 5, L'impero colpisce ancora /

Đã lưu trong:
Chi tiết về thư mục
Tác giả chính: Williams, John, (1932- ) (Nhà soạn nhạc)
Tác giả khác: Lucas, George (Người viết kịch bản), Fisher, Carrie (Diễn viên), Brackett, Leigh (Người viết kịch bản), Kasdan, Lawrence (Người viết kịch bản), Ford, Harrison (Diễn viên), Hamill, Mark (Diễn viên), Kershner, Irvin (Giám đốc)
Định dạng: Slide
Ngôn ngữ:Tiếng Italy
Tiếng Anh
Được phát hành: Milano : Twentieth Century Fox Home Entertainment [distributore], c2004
Những chủ đề:
Các nhãn: Thêm thẻ
Không có thẻ, Là người đầu tiên thẻ bản ghi này!

MARC

LEADER 00000ngm a22000007ib4500
001 IT\ICCU\UBO\2551897
003 ItRI
005 20260124182841.0
008 040930s2004 it |||||||||||||||k|||||c
028 0 2 |a F42774SE 
028 4 2 |a 27233.2 
028 4 2 |a F4SITSSE27  |b 2332 
040 |b ita 
041 7 |a ita  |a eng  |2 ISO-639-2 
130 4 |a The empire strikes back <film ; 1980>  |3 IT\ICCU\SCM\0057200 
245 0 0 |a Star wars. 5,  |p L'impero colpisce ancora /  |c directed by Irvin Kershner ; screenplay by Leigh Brackett and Lawrence Kasdan ; story by George Lucas ; music by John Williams. 
260 |a Milano :  |b Twentieth Century Fox Home Entertainment [distributore],  |c c2004 
300 |a 1 DVD (124 min.) :  |b col., son. (Dolby surround EX 5.1) 
500 |a Codice area: 2 
500 |a Tit. del contenitore 
500 |a Film del 1980, prod.: USA; interpreti: Mark Hamill, Harrison Ford, Carrie Fisher ... [et al.]. 
650 7 |a Film di fantascienza 
700 1 |a Lucas, George  |0 IT\ICCU\CFIV\013439  |4 sce 
700 1 |a Fisher, Carrie  |0 IT\ICCU\CFIV\091355  |4 act 
700 1 |a Brackett, Leigh  |0 IT\ICCU\CFIV\102088  |4 sce 
700 1 |a Williams, John,  |d  (1932- )  |0 IT\ICCU\PALV\050673  |4 cmp 
700 1 |a Kasdan, Lawrence  |0 IT\ICCU\RAVV\010244  |4 sce 
700 1 |a Ford, Harrison  |0 IT\ICCU\RAVV\088658  |4 act 
700 1 |a Hamill, Mark  |0 IT\ICCU\RAVV\092837  |4 act 
700 1 |a Kershner, Irvin  |0 IT\ICCU\UBOV\038167  |4 drt 
773 0 |w IT\ICCU\UBO\2551868  |t Star wars  |g 2 
790 1 |a Brekett, Li  |3 IT\ICCU\RAVV\535124  |z Brackett, Leigh 
790 1 |a Williams, John Towner  |3 IT\ICCU\SBNV\082121  |z Williams, John (1932- ) 
790 1 |a Williams, John  |c  (musicista)  |3 IT\ICCU\UBOV\059666  |z Williams, John (1932- ) 
942 |2 ddc  |c VM  |n 0 
952 |0 0  |1 0  |4 0  |6 VO_1979_000000000000000  |7 0  |9 26957  |a BO  |b BO  |d 2026-01-24  |i 16409  |l 0  |o VO 1979  |p BO16409  |r 2026-01-24 18:28:41  |w 2026-01-24  |x [Sebina 5] [dvd 1-4]  |y VM  |z dvd 2 
999 |c 22806  |d 22806